000 nam a22 7a 4500
999 _c129590
_d129590
008 190509b xxu||||| |||| 00| 0 eng d
050 _aBV3557.H8 A3
100 _aHumpreys, Nicholas
_946362
245 _aMissionary in South Africa
_c/ by Nicholas Humphreys
260 _aLondon:
_bBlackfriars Publications,
_c1953.
300 _axviii, 237p. ;
_c22cm.
650 _aMissions
_zAfrica, South
_939341
942 _2lcc
_cMONOGRAPH